| 000 | 01807 a2200289 4500 | ||
|---|---|---|---|
| 001 | 26076 | ||
| 005 | 20260407155542.0 | ||
| 008 | 260407a1985 arg spa d | ||
| 003 | AR-UNSa-BCEJYS | ||
| 040 |
_aAR-UNSa-BCEJYS _bspa _cAR-UNSa-BCEJYS |
||
| 080 |
_a330.101.541 _xMacroeconomía |
||
| 245 | 1 | 0 | _aMacroeconomía |
| 020 | _a84-7615-055-5 | ||
| 250 | _a3a. ed. | ||
| 264 | 1 |
_aMadrid : _bMcGraw-Hill _c1985 |
|
| 300 |
_ax, 776 p. _c23 cm. |
||
| 505 | _a1. Introducción - 2. La contabilidad nacional - 3. La demanda agregada y la renta y producción de equilibrio - 4. El dinero, el interés y la renta - 5. La política fiscal, el efecto desplazamiento y la combinación de políticas económicas - 6. El consumo, la riqueza y los retardos - 7. La inversión - 8. La demanda de dinero - 9. La oferta de dinero - 10. Los problemas de la política de estabilización - 11. La oferta y la demanda agregadas. Introducción - 12. La oferta agregada, los salarios, los precios y el empleo - 13. La inflación y el desempleo - 14. La relación de intercambio entre la inflación y el desempleo - 15. Los déficit presupuestarios, la inflación y la deuda pública - 16. Los años treinta y los ochenta: la interacción de los hechos y las ideas - 17. El crecimiento a largo plazo y la productividad - 18. La macroeconomía de una economía abierta: Los flujos de bienes y de capitales con tipos de cambios fijos - 19. Los flujos de bienes y de capitales con tipos de cambio flexibles. | ||
| 942 | _cBK | ||
| 590 | _aniveau_biblio:m niveau_hierar:0 | ||
| 100 | 1 | _aDornbusch, Rudiger | |
| 700 | 1 | _aFischer, Stanley | |
| 700 | 1 | _aGarcia-Pardo, Jimena | |
| 700 | 1 | _aOjeda, Alonso | |
| 700 | 1 | _aToharia Cortés, Luis | |
| 700 | 1 | _aArgandoña, Antonio | |
| 700 | 1 | _aVillarreal Domínguez, Carlos G. | |
| 999 |
_c1432 _d1432 |
||